000 00856nam a2200253 a 4500
001 BRL_65
005 20190320210555.0
008 960617s1945----mx-a######---#000-0#spa-#
040 _aDLC
_cDLC
041 _aspa
044 _amx
050 4 _aF1386
_b.M49 1945
245 1 0 _aMéxico en el tiempo
_bfisonomía de una ciudad
_ceditor Roberto Olavarría.
260 _aMéxico
_b[Excelsior]
_c1945
300 _a302 p.
_bil.
_c28 cm.
500 _aIncluye índice de personas, casas comerciales, industrias, empresas e instituciones que patrocinaron páginas de esta edición
500 _aAu98
505 0 _aEstado físico: primeras hojas rotas
651 4 _aCiudad de México
_xDescripciones y viajes
_922808
651 4 _aCiudad de México
_xLibros de láminas
_922809
700 1 _aOlavarría, Roberto
_eed.
_922810
902 _aGRL
942 _2lcc
_cB
999 _c8878
_d8878